[Event "Laval op"]
[Site "Laval"]
[Date "2019.06.21"]
[Round "1"]
[White "Saha, Ananda"]
[Black "Deschamps, Martin"]
[Result "1-0"]
[WhiteElo "2059"]
[BlackElo "1633"]
[PlyCount "73"]
[EventDate "2019.06.21"]
[EventType "swiss"]
[EventRounds "5"]
[EventCountry "CAN"]
[SourceTitle "CBM 191 Extra"]
[Source "ChessBase"]
[SourceDate "2019.09.30"]
[SourceVersion "1"]
[SourceVersionDate "2019.09.30"]
[SourceQuality "1"]

1. Nf3 Nf6 2. g3 e6 3. Bg2 d5 4. 0-0 Be7 5. c4 0-0 6. b3 c5 7. Bb2 Nc6 8. d3 Qc7 9. Nbd2 Rd8 10. Re1 d4 11. a3 a5 12. Qc2 e5 13. h3 h6 14. e4 Nh7 15. Rf1 Ng5 16. Nxg5 hxg5 17. Nf3 g4 18. hxg4 Bxg4 19. Nh2 Be6 20. f4 exf4 21. gxf4 f6 22. Rae1 Bd6 23. Bc1 Rd7 24. e5 fxe5 25. f5 Bf7 26. Be4 Be7 27. Qg2 Bf6 28. Ng4 Kf8 29. Rf3 Ke7 30. Rh3 Rdd8 31. Kf2 a4 32. bxa4 Rxa4 33. Rh7 Raa8 34. Nxf6 gxf6 35. Rxf7+ Kxf7 36. Qg6+ Kf8 37. Bh6+ 1-0

[Event "Quebec op"]
[Site "Montreal"]
[Date "1991.07.27"]
[Round "1"]
[White "Dupuis, Stephane"]
[Black "Deschamps, Martin"]
[Result "1-0"]
[WhiteElo "2161"]
[BlackElo "1884"]
[PlyCount "91"]
[EventDate "1991.07.27"]
[EventType "swiss"]
[EventRounds "8"]
[EventCountry "CAN"]
[SourceTitle "EXT 2022"]
[Source "ChessBase"]
[SourceDate "2021.10.06"]
[SourceVersion "1"]
[SourceVersionDate "2021.10.06"]
[SourceQuality "1"]

1. d4 Nf6 2. e3 d5 3. Bd3 Bg4 4. f3 Bh5 5. Nh3 Nbd7 6. Nf4 e5 7. Nxh5 Nxh5 8. 0-0 Qh4 9. Qe1 Qxe1 10. Rxe1 0-0-0 11. Nc3 c6 12. Bd2 Bd6 13. Ne2 Rhe8 14. g4 Nhf6 15. g5 e4 16. gxf6 exd3 17. cxd3 Nxf6 18. e4 dxe4 19. dxe4 Bc5 20. Be3 Bb6 21. Kf2 Rd7 22. a4 a6 23. Rac1 Ba5 24. Red1 Bc7 25. h3 Rde7 26. Bg5 Re6 27. Rc2 h6 28. Bd2 Nd5 29. Rg1 g5 30. Ng3 Bxg3+ 31. Kxg3 Nb6 32. d5 Rg6 33. Ba5 Nd7 34. dxc6 Rxc6 35. Rxc6+ bxc6 36. Rd1 Re5 37. Bc3 Rc5 38. Kg4 Ne5+ 39. Bxe5 Rxe5 40. Rd6 Kc7 41. Rf6 Ra5 42. Rxf7+ Kd8 43. b3 Rc5 44. Rf6 Rc3 45. Rxh6 a5 46. Rg6 1-0